000
00294nam a2200121Ia 4500
008
160114s9999 xx 000 0 und d
020
_a
0-439327660
050
_a
Fic
050
_b
.D121s 2001
245
_a
School's In! /
260
_a
New York :
_b
Scholastic Inc.
_c
2001
300
_a
63 pages;
999
_c
290379
_d
290379